2000's Movie by Screenshot #2 - Statistics

General Stats
  • This quiz has been taken 472 times
  • The average score is 12 of 20
Answer Stats
Picture Answer % Correct
Monsters, Inc.
93%
Iron Man
92%
Bee Movie
91%
Shrek
88%
American Psycho
82%
Brokeback Mountain
82%
Coraline
79%
Zoolander
75%
Fantastic Mr. Fox
71%
Spirited Away
63%
Napoleon Dynamite
62%
Amelie
57%
Donnie Darko
56%
Eternal Sunshine of the Spotless Mind
47%
Pan's Labyrinth
43%
The Room
31%
Oldboy
27%
Mullholland Drive
21%
Paprika
12%
Requiem for a Dream
12%
No matching quizzes found
Score Distribution
Percent of People with Each Score
Percentile by Number Answered
Your Score History
You have not taken this quiz